Politiciens Français en 2024 - Statistiques

Statistiques générales
  • Ce quiz a été pris 129 fois
  • Le résultat moyen est 8 sur 16
Statistiques - réponses
Par images Réponse % Correct
Eric Ciotti
96%
Manuel Bompard
81%
Bruno Retailleau
78%
Rima Hassan
73%
Olivier Faure
72%
François Xavier Bellamy
68%
Marine Tondelier
65%
Lucie Castets
54%
Sebastien Chenu
47%
Sébastien Lecornu
46%
Sarah Knafo
42%
Marc Fesneau
28%
Jean-Noël Barrot
25%
Guillaume Kasbarian
22%
Anne Genetet
18%
Didier Migaud
18%
Aucun quiz correspondant
Distribution des résultats
% des personnes avec chaque résultat
Percentile par nombre de réponses
Votre historique - résultats
Vous n’avez pas pris ce quiz